[Event "4NCL 3 South pool D"]
[Site "Reading, ENG"]
[Date "2017.03.19"]
[Round "8.51"]
[White "Savage, Nicholas W"]
[Black "Hackett, Dave G"]
[Result "0-1"]
[WhiteElo "2026"]
[BlackElo "2138"]
[PlyCount "70"]
[EventDate "2017.03.19"]
[WhiteTeam "Iceni 1"]
[BlackTeam "Brown Jack 1"]

1. d4 Nf6 2. Nf3 c5 3. d5 d6 4. Nc3 g6 5. e4 Bg7 6. Bb5+ Nbd7 7. a4 O-O 8. O-O
a6 9. Be2 Qc7 10. Nd2 g5 11. Nc4 h6 12. f4 gxf4 13. Rxf4 Kh7 14. Ra3 Ne5 15.
Nxe5 dxe5 16. Rh4 Qd6 17. Nb1 Ng8 18. Nd2 f5 19. exf5 Bxf5 20. Ne4 Bxe4 21.
Rxe4 Rf6 22. Rg3 Rf7 23. Bh5 Raf8 24. Bxf7 Rxf7 25. Qd3 Kh8 26. c4 Nf6 27. Re1
e4 28. Qe2 Qe5 29. Rf1 Rf8 30. Bf4 Qh5 31. Qd2 Ng4 32. h3 Bd4+ 33. Kh1 e3 34.
Qe2 Nf2+ 35. Rxf2 Rxf4 0-1

[Event "4NCL 3 South pool D"]
[Site "Reading, ENG"]
[Date "2017.03.19"]
[Round "8.52"]
[White "Mihalik, Agoston"]
[Black "Feavyour, John A"]
[Result "1-0"]
[WhiteElo "2152"]
[BlackElo "1991"]
[PlyCount "41"]
[EventDate "2017.03.19"]
[WhiteTeam "Brown Jack 1"]
[BlackTeam "Iceni 1"]

1. e4 c5 2. Nf3 d6 3. d4 cxd4 4. Nxd4 Nf6 5. Nc3 a6 6. Bg5 e6 7. f4 Qc7 8. Bxf6
gxf6 9. f5 Nc6 10. Nxc6 Qxc6 11. Qh5 Bd7 12. Bd3 Bg7 13. O-O Qb6+ 14. Kh1 Qxb2
15. fxe6 Bxe6 16. Nd5 O-O 17. Nxf6+ Bxf6 18. e5 Rfc8 19. Qxh7+ Kf8 20. exf6 Ke8
21. Rab1 1-0

[Event "4NCL 3 South pool D"]
[Site "Reading, ENG"]
[Date "2017.03.19"]
[Round "8.53"]
[White "Peters, Alexander John"]
[Black "Onley, David E"]
[Result "0-1"]
[WhiteElo "1993"]
[BlackElo "2137"]
[PlyCount "88"]
[EventDate "2017.03.19"]
[WhiteTeam "Iceni 1"]
[BlackTeam "Brown Jack 1"]

1. d4 Nf6 2. c4 g6 3. Nc3 Bg7 4. e4 d6 5. Be2 O-O 6. Be3 e5 7. d5 c6 8. g4 cxd5
9. cxd5 a5 10. g5 Nfd7 11. h4 Na6 12. Nf3 Ndc5 13. Nd2 Rb8 14. Nb3 Bd7 15. Nxc5
Nxc5 16. Bxc5 dxc5 17. a4 f5 18. f3 Qb6 19. Ra3 fxe4 20. Rb3 Qa7 21. Nxe4 Bxa4
22. d6 Kh8 23. h5 gxh5 24. Rxh5 c4 25. Bxc4 b5 26. Bf1 Qf7 27. g6 Qxb3 28.
Rxh7+ Kg8 29. Qxb3+ Bxb3 30. Nc5 Bd5 31. Bh3 Rfd8 32. d7 Rb6 33. Bf5 Kf8 34.
Ke2 Bg8 35. Rh1 Ke7 36. Rd1 Be6 37. Nxe6 Rxe6 38. Bxe6 Kxe6 39. Rc1 Rxd7 40.
Rc5 Rb7 41. Ke3 Kd6 42. Rc8 Kd5 43. b3 Ra7 44. Rd8+ Ke6 0-1

[Event "4NCL 3 South pool D"]
[Site "Reading, ENG"]
[Date "2017.03.19"]
[Round "8.54"]
[White "Onslow, Alfie"]
[Black "Calvert, D Ian"]
[Result "1/2-1/2"]
[WhiteElo "2057"]
[BlackElo "1925"]
[PlyCount "60"]
[EventDate "2017.03.19"]
[WhiteTeam "Brown Jack 1"]
[BlackTeam "Iceni 1"]

1. e4 d5 2. exd5 Qxd5 3. Nc3 Qd6 4. d4 Nf6 5. Nf3 c6 6. g3 Bf5 7. Bg2 h6 8. O-O
e6 9. a3 Be7 10. Na4 Na6 11. b4 O-O 12. Bf4 Qd8 13. c4 Rc8 14. Re1 b5 15. Nb2
bxc4 16. Nxc4 Nd5 17. Rc1 Nxf4 18. gxf4 Bd6 19. Nfe5 Nb8 20. Na5 Qh4 21. Qf3 f6
22. Nexc6 Nxc6 23. Nxc6 Kh7 24. Qg3 Qxf4 25. Qxf4 Bxf4 26. Rc5 Rc7 27. a4 Bd6
28. Rcc1 Bf4 29. Rc5 Bd6 30. Rcc1 Bf4 1/2-1/2

[Event "4NCL 3 South pool D"]
[Site "Reading, ENG"]
[Date "2017.03.19"]
[Round "8.55"]
[White "Szymanski, Mark"]
[Black "Richmond, Peter"]
[Result "1/2-1/2"]
[WhiteElo "1898"]
[BlackElo "2087"]
[PlyCount "76"]
[EventDate "2017.03.19"]
[WhiteTeam "Iceni 1"]
[BlackTeam "Brown Jack 1"]

1. d4 d5 2. c4 e5 3. dxe5 d4 4. Nf3 Nc6 5. a3 Bg4 6. Nbd2 a5 7. b3 Qd7 8. Bb2
Rd8 9. g3 Nge7 10. Bg2 Ng6 11. O-O Ngxe5 12. Re1 Be7 13. Nxe5 Nxe5 14. Nf3 Nc6
15. Qd2 O-O 16. Rad1 Bf6 17. Qf4 Qf5 18. Qxf5 Bxf5 19. Rd2 Rd7 20. Red1 Rfd8
21. e3 dxe3 22. Rxd7 Rxd7 23. Rxd7 Bxd7 24. Bxf6 exf2+ 25. Kxf2 gxf6 26. Ke3
Kf8 27. Nd4 Nd8 28. Be4 h6 29. b4 axb4 30. axb4 b6 31. Bf5 Be6 32. Bd3 Ke7 33.
c5 Bg4 34. Bf5 Bh5 35. Nb5 bxc5 36. bxc5 c6 37. Nd4 Bg6 38. Bh3 Bb1 1/2-1/2

[Event "4NCL 3 South pool D"]
[Site "Reading, ENG"]
[Date "2017.03.19"]
[Round "8.56"]
[White "Martin, Lewis"]
[Black "Kenning, Paul H"]
[Result "1-0"]
[WhiteElo "2069"]
[BlackElo "1865"]
[PlyCount "99"]
[EventDate "2017.03.19"]
[WhiteTeam "Brown Jack 1"]
[BlackTeam "Iceni 1"]

1. d4 d6 2. Nf3 Nf6 3. c4 Nbd7 4. g3 e5 5. d5 a5 6. Nc3 Be7 7. Bg2 O-O 8. Qc2
h6 9. Bd2 Re8 10. h3 Nc5 11. O-O-O Bd7 12. g4 c6 13. g5 hxg5 14. Nxg5 g6 15.
Rdg1 Bf5 16. e4 Bd7 17. Bf3 b5 18. dxc6 Bxc6 19. cxb5 Bd7 20. h4 Rc8 21. h5
Bxb5 22. hxg6 fxg6 23. Rh6 Kg7 24. Nh3 Nd3+ 25. Kd1 Rg8 26. Rhxg6+ Kh8 27.
Rxg8+ Nxg8 28. Be2 Qf8 29. Be3 Ba4 30. b3 Nb4 31. Qd2 Bd7 32. a3 Qf7 33. Qb2
Nd3 34. Bxd3 Qf3+ 35. Be2 Qxh3 36. Nd5 Qh2 37. f4 Bh4 38. fxe5 dxe5 39. Nf4 Bf6
40. Nd5 Bg7 41. Qd2 Bh6 42. Re1 Qh3 43. Bc4 Ba4 44. Qc3 Qf3+ 45. Kd2 Bxe3+ 46.
Qxe3 Qxe3+ 47. Kxe3 Bc6 48. Rh1+ Kg7 49. Rg1+ Kh7 50. Rxg8 1-0

[Event "4NCL 3 South pool D"]
[Site "Reading, ENG"]
[Date "2017.03.19"]
[Round "8.61"]
[White "Britton, Richard L"]
[Black "Ralphs, Nigel"]
[Result "1-0"]
[WhiteElo "2183"]
[BlackElo "2072"]
[PlyCount "143"]
[EventDate "2017.03.19"]
[WhiteTeam "Hackney "]
[BlackTeam "Rhyfelwyr Essyllwg"]

1. e4 e5 2. Nf3 Nc6 3. Bb5 a6 4. Ba4 Nf6 5. O-O Be7 6. Re1 b5 7. Bb3 O-O 8. c3
d6 9. h3 Nb8 10. d4 Nbd7 11. Nbd2 Bb7 12. a3 c5 13. Bc2 Re8 14. b4 Bf8 15. d5
c4 16. a4 g6 17. a5 Nh5 18. Nf1 Bc8 19. Bg5 Be7 20. Be3 Bf6 21. Qd2 Qe7 22. g3
Bg7 23. Kh2 Qf8 24. Bd1 Nhf6 25. Bc2 Nh5 26. Nh4 Qe7 27. Ng2 Nf8 28. Bd1 Nf6
29. f3 h5 30. g4 hxg4 31. hxg4 N6h7 32. Ng3 Bf6 33. Qf2 Bg5 34. Bc2 Bxe3 35.
Nxe3 Qf6 36. Kg2 Ng5 37. Rh1 Nfh7 38. Rh6 Qg7 39. Rah1 Bd7 40. Qg1 Qf6 41. Ngf5
Bxf5 42. gxf5 Qg7 43. Qh2 Kf8 44. Rxh7 Nxh7 45. Qxh7 Qxh7 46. Rxh7 Kg8 47. fxg6
fxg6 48. Rd7 Red8 49. Rxd8+ Rxd8 50. Ng4 Kf7 51. Nf2 Rh8 52. Ng4 Ke7 53. Bd1
Rh4 54. Nf2 Kf6 55. Kg3 Rh8 56. Be2 Ke7 57. Bf1 Kd7 58. Bh3+ Kc7 59. Ng4 Rf8
60. Nf2 Rh8 61. Bg4 Kd8 62. Nh3 Kc7 63. Be6 Rf8 64. Kg4 Rf6 65. f4 exf4 66.
Nxf4 Rf8 67. Kg5 Rh8 68. Nxg6 Rh1 69. Kf6 Rd1 70. Ke7 Rd3 71. e5 dxe5 72. Nxe5
1-0

[Event "4NCL 3 South pool D"]
[Site "Reading, ENG"]
[Date "2017.03.19"]
[Round "8.62"]
[White "Hewitt, William"]
[Black "Chin, F."]
[Result "0-1"]
[WhiteElo "2018"]
[BlackElo "2110"]
[PlyCount "80"]
[EventDate "2017.03.19"]
[WhiteTeam "Rhyfelwyr Essyllwg"]
[BlackTeam "Hackney "]

1. e4 e6 2. d4 d5 3. Nc3 Bb4 4. e5 c5 5. a3 Bxc3+ 6. bxc3 Qc7 7. Qg4 f5 8. Qg3
cxd4 9. cxd4 Ne7 10. c3 O-O 11. Nh3 b6 12. Nf4 Qd7 13. a4 Ba6 14. Bxa6 Nxa6 15.
Qd3 Nc7 16. O-O Nc6 17. h4 Na5 18. Ba3 Rfc8 19. Bb4 Nc4 20. a5 bxa5 21. Bxa5
Nb5 22. g3 Rc6 23. Ra2 Qb7 24. Rfa1 a6 25. Qb1 Rb8 26. Bb4 Nxc3 27. Bxc3 Qxb1+
28. Rxb1 Rxb1+ 29. Kg2 Kf7 30. Ne2 a5 31. Kf3 Ra6 32. Ra4 Nb6 33. Rxa5 Rxa5 34.
Bxa5 Rb3+ 35. Kf4 Nc4 36. Bc3 Na3 37. Bd2 Rb2 38. Bc1 Rxe2 39. Bxa3 Re4+ 40.
Kf3 Rxd4 0-1

[Event "4NCL 3 South pool D"]
[Site "Reading, ENG"]
[Date "2017.03.19"]
[Round "8.63"]
[White "Walker, Nicholas P"]
[Black "Trevelyan, John"]
[Result "0-1"]
[WhiteElo "2152"]
[BlackElo "2034"]
[PlyCount "114"]
[EventDate "2017.03.19"]
[WhiteTeam "Hackney "]
[BlackTeam "Rhyfelwyr Essyllwg"]

1. d4 Nf6 2. Nf3 d6 3. c4 Nbd7 4. Nc3 e5 5. Bg5 Be7 6. Qc2 c6 7. e3 O-O 8. Bd3
a6 9. Rd1 exd4 10. exd4 h6 11. Bh4 Nh5 12. Bg3 Ndf6 13. Bf5 Nxg3 14. hxg3 d5
15. c5 Bxf5 16. Qxf5 Qd7 17. g4 Rae8 18. Kf1 Bd8 19. Ne5 Qxf5 20. gxf5 Re7 21.
f4 Rfe8 22. g4 Nh7 23. Kf2 Ba5 24. Rhe1 Nf6 25. Kf3 Bxc3 26. bxc3 Ne4 27. c4 f6
28. cxd5 cxd5 29. Nd3 Kf7 30. Nb4 Ng5+ 31. fxg5 Rxe1 32. g6+ Kf8 33. Rd2 R1e3+
34. Kf2 Rh3 35. Kg2 Ree3 36. Nxd5 Reg3+ 37. Kf2 Rxg4 38. Nc7 Rh2+ 39. Kf3 Rxd2
40. Ne6+ Kg8 41. Kxg4 Rxa2 42. d5 Rd2 43. d6 a5 44. Kf4 a4 45. Ke3 Rd1 46. Nd4
Rxd4 47. Kxd4 Kf8 48. Kd5 Ke8 49. Ke6 a3 50. d7+ Kd8 51. Kf7 a2 52. Kxg7 a1=Q
53. Kxh6 Kxd7 54. g7 Qa2 55. Kh7 Qf7 56. Kh8 Qh5+ 57. Kg8 Qxf5 0-1

[Event "4NCL 3 South pool D"]
[Site "Reading, ENG"]
[Date "2017.03.19"]
[Round "8.64"]
[White "Hatchett, Paul"]
[Black "Conway, Paul Bernard"]
[Result "0-1"]
[WhiteElo "2040"]
[BlackElo "1856"]
[PlyCount "108"]
[EventDate "2017.03.19"]
[WhiteTeam "Rhyfelwyr Essyllwg"]
[BlackTeam "Hackney "]

1. e4 e6 2. d3 d5 3. Nd2 c5 4. Ngf3 Nc6 5. g3 Nf6 6. Bg2 Be7 7. O-O Qc7 8. Re1
O-O 9. e5 Nd7 10. Qe2 b5 11. Nf1 Bb7 12. h4 h6 13. Bf4 Kh7 14. Ne3 Nd4 15. Nxd4
cxd4 16. Nxd5 Bxd5 17. Bxd5 exd5 18. e6 Bd6 19. Bxd6 Qxd6 20. exd7 Qxd7 21. Kg2
Rac8 22. Rac1 Rfe8 23. Qd2 Qd6 24. Rxe8 Rxe8 25. Re1 Rxe1 26. Qxe1 Qc5 27. Qa5
Qc6 28. Qxa7 Qxc2 29. Qxd4 Qc6 30. b3 g5 31. h5 Kg8 32. a4 bxa4 33. bxa4 Qa6
34. Qxd5 Qxa4 35. d4 Qd1 36. Qe5 Qxh5 37. d5 Qd1 38. d6 g4 39. Qf4 Qd5+ 40. Kh2
Qe6 41. Qd4 Qd7 42. Qf6 Qa7 43. Kg1 Qa4 44. Qxh6 Qd1+ 45. Kh2 Qd4 46. Qf4 Qd1
47. Qg5+ Kh7 48. Qf5+ Kg7 49. d7 Qd4 50. Kg2 Kf8 51. d8=Q+ Qxd8 52. Qxg4 Qf6
53. f4 Qc6+ 54. Kh3 Qh1# 0-1

[Event "4NCL 3 South pool D"]
[Site "Reading, ENG"]
[Date "2017.03.19"]
[Round "8.65"]
[White "Clancy, Martin J"]
[Black "Heaven, Peter"]
[Result "0-1"]
[WhiteElo "1904"]
[BlackElo "2028"]
[PlyCount "54"]
[EventDate "2017.03.19"]
[WhiteTeam "Hackney "]
[BlackTeam "Rhyfelwyr Essyllwg"]

1. e4 c5 2. Nf3 d6 3. d4 cxd4 4. Nxd4 Nf6 5. Nc3 a6 6. Be3 e5 7. Nb3 Be7 8. f3
h5 9. Bc4 Nbd7 10. Nd5 Nxd5 11. Qxd5 O-O 12. Qd2 Qc7 13. Be2 Nf6 14. g4 hxg4
15. Rg1 Be6 16. O-O-O d5 17. exd5 Nxd5 18. fxg4 Rfd8 19. Bd3 Nb4 20. Qe2 Nxa2+
21. Kb1 Nb4 22. Be4 Bxb3 23. cxb3 Qa5 24. Rxd8+ Rxd8 25. Qc4 Qa2+ 26. Kc1 Qa1+
27. Bb1 Nd3+ 0-1

[Event "4NCL 3 South pool D"]
[Site "Reading, ENG"]
[Date "2017.03.19"]
[Round "8.66"]
[White "Bevan, Peter M"]
[Black "Burgoyne, Peter A"]
[Result "1-0"]
[WhiteElo "1911"]
[BlackElo "1690"]
[PlyCount "72"]
[EventDate "2017.03.19"]
[WhiteTeam "Rhyfelwyr Essyllwg"]
[BlackTeam "Hackney "]

1. c4 e5 2. g3 f5 3. Nf3 Nc6 4. d4 Bb4+ 5. Bd2 Qe7 6. dxe5 Bxd2+ 7. Qxd2 Nxe5
8. Nxe5 Qxe5 9. Nc3 Nf6 10. Bg2 c6 11. O-O O-O 12. Rad1 Re8 13. e4 fxe4 14.
Nxe4 Nxe4 15. Bxe4 Re6 16. Rfe1 Qf6 17. Bg2 Rxe1+ 18. Rxe1 d6 19. Re8+ Kf7 20.
Qe3 h6 21. Rh8 Qe5 22. Qxe5 dxe5 23. Bh3 Bxh3 24. Rxa8 Be6 25. b4 a6 26. c5 Bf5
27. Rb8 Bb1 28. Rxb7+ Kf6 29. a3 Bc2 30. Rb6 Kf5 31. f3 e4 32. fxe4+ Kxe4 33.
Kf2 Kd5 34. h4 Bd3 35. Ke3 Bf1 36. Rb7 g5 1-0

[Event "4NCL 3 South pool D"]
[Site "Reading, ENG"]
[Date "2017.03.19"]
[Round "8.71"]
[White "Forster, Matthew"]
[Black "Josse, Mark"]
[Result "1-0"]
[WhiteElo "1971"]
[BlackElo "2179"]
[PlyCount "149"]
[EventDate "2017.03.19"]
[WhiteTeam "Sussex Martlets 2"]
[BlackTeam "Surbiton"]

1. c4 e5 2. Nc3 Nc6 3. g3 Bc5 4. Bg2 d6 5. e3 a6 6. Nge2 Ba7 7. d4 exd4 8. Nxd4
Nxd4 9. exd4 Ne7 10. O-O O-O 11. b3 Rb8 12. a4 Bf5 13. Bb2 Qd7 14. Re1 Rfe8 15.
Qd2 h6 16. Ne2 Ng6 17. h4 Bh3 18. h5 Bxg2 19. Kxg2 Nf8 20. d5 Nh7 21. Nf4 Qf5
22. f3 Qg5 23. Qc3 Nf6 24. Rad1 Qf5 25. b4 Re5 26. c5 Rbe8 27. Rxe5 dxe5 28.
Ne2 e4 29. Nf4 exf3+ 30. Kh1 Nxh5 31. Qxf3 Nxf4 32. gxf4 Qe4 33. Qxe4 Rxe4 34.
Be5 Rxb4 35. Bxc7 Bxc5 36. a5 f5 37. d6 Rxf4 38. d7 Rh4+ 39. Kg2 Be7 40. d8=Q+
Bxd8 41. Rxd8+ Kf7 42. Bb6 Re4 43. Kf3 g5 44. Rd5 Ke6 45. Rd8 Rf4+ 46. Kg3 h5
47. Rh8 h4+ 48. Kg2 Rg4+ 49. Kf2 f4 50. Kf3 Rg3+ 51. Ke4 Kf6 52. Bd4+ Ke6 53.
Rh6+ Kd7 54. Kd5 Rd3 55. Rh7+ Kd8 56. Ke5 Rd1 57. Bb6+ Ke8 58. Ke6 Kf8 59. Kf6
Kg8 60. Rg7+ Kh8 61. Rxg5 f3 62. Rh5+ Kg8 63. Rxh4 Rd3 64. Rf4 Kf8 65. Ke5+ Ke7
66. Ke4 Rb3 67. Rxf3 Rxf3 68. Kxf3 Kd7 69. Ke4 Kc8 70. Kd5 Kb8 71. Kd6 Ka8 72.
Kd7 Kb8 73. Bc7+ Ka7 74. Kc8 Ka8 75. Bb8 1-0

[Event "4NCL 3 South pool D"]
[Site "Reading, ENG"]
[Date "2017.03.19"]
[Round "8.72"]
[White "Seymour, Timothy P"]
[Black "Rogacewicz, Mikolaj"]
[Result "1/2-1/2"]
[WhiteElo "2079"]
[BlackElo "1937"]
[PlyCount "35"]
[EventDate "2017.03.19"]
[WhiteTeam "Surbiton"]
[BlackTeam "Sussex Martlets 2"]

1. c4 Nf6 2. g3 g6 3. Bg2 Bg7 4. Nc3 O-O 5. Rb1 c5 6. a3 a5 7. b4 cxb4 8. axb4
axb4 9. Rxb4 Na6 10. Rb1 e6 11. Ba3 d6 12. Bxb7 Bxb7 13. Rxb7 Nc5 14. Bxc5 dxc5
15. Nf3 Ne8 16. Rb3 Nd6 17. O-O Nxc4 18. d3 1/2-1/2

[Event "4NCL 3 South pool D"]
[Site "Reading, ENG"]
[Date "2017.03.19"]
[Round "8.73"]
[White "Graham, William M"]
[Black "Singleton, Michael P F"]
[Result "0-1"]
[WhiteElo "1846"]
[BlackElo "2091"]
[PlyCount "74"]
[EventDate "2017.03.19"]
[WhiteTeam "Sussex Martlets 2"]
[BlackTeam "Surbiton"]

1. c4 Nf6 2. g3 g6 3. Bg2 Bg7 4. Nc3 d6 5. e4 c5 6. Nge2 Nc6 7. O-O O-O 8. a3
Bd7 9. Rb1 a5 10. d3 Rb8 11. h3 Ne8 12. f4 e6 13. Be3 Nd4 14. b4 b6 15. Qd2 Bc6
16. bxa5 bxa5 17. Rxb8 Qxb8 18. Rb1 Qa8 19. Nb5 e5 20. Nec3 f5 21. Nd5 Bxd5 22.
exd5 a4 23. Bxd4 exd4 24. Re1 Qd8 25. Qc2 Qa5 26. Re7 Bf6 27. Ra7 Qe1+ 28. Kh2
h5 29. Bf3 h4 30. Qg2 g5 31. Rxa4 Ng7 32. Nxd6 Rb8 33. Nb5 Re8 34. Ra6 hxg3+
35. Qxg3 Qd2+ 36. Bg2 gxf4 37. Qg6 Bh4 0-1

[Event "4NCL 3 South pool D"]
[Site "Reading, ENG"]
[Date "2017.03.19"]
[Round "8.74"]
[White "Crombleholme, Alan K"]
[Black "Finn, Thomas"]
[Result "1/2-1/2"]
[WhiteElo "2034"]
[BlackElo "1783"]
[PlyCount "51"]
[EventDate "2017.03.19"]
[WhiteTeam "Surbiton"]
[BlackTeam "Sussex Martlets 2"]

1. Nf3 Nf6 2. c4 c5 3. Nc3 Nc6 4. e3 e6 5. Qc2 d5 6. cxd5 exd5 7. Bb5 Bd6 8. d4
O-O 9. Bxc6 bxc6 10. dxc5 Bxc5 11. O-O Qc7 12. h3 Bb7 13. b3 Rac8 14. Bb2 Rfd8
15. Na4 Be7 16. Nc5 Bxc5 17. Qxc5 Ne4 18. Qd4 f6 19. b4 a5 20. a3 axb4 21. axb4
Ra8 22. Rac1 Qe7 23. Qb6 Nd6 24. Bd4 Nc4 25. Qc5 Qxc5 26. Bxc5 1/2-1/2

[Event "4NCL 3 South pool D"]
[Site "Reading, ENG"]
[Date "2017.03.19"]
[Round "8.75"]
[White "Salmons, Calum"]
[Black "Faulks, Nick"]
[Result "1-0"]
[WhiteElo "1685"]
[BlackElo "1993"]
[PlyCount "67"]
[EventDate "2017.03.19"]
[WhiteTeam "Sussex Martlets 2"]
[BlackTeam "Surbiton"]

1. e4 c5 2. Nc3 a6 3. a4 e6 4. f4 d5 5. Nf3 Nc6 6. d3 Nge7 7. Be2 Nd4 8. O-O
Nec6 9. Nxd4 Nxd4 10. Be3 Qb6 11. b3 Nxe2+ 12. Nxe2 d4 13. Bd2 Be7 14. Qe1 O-O
15. Qg3 f5 16. e5 Bd7 17. Kh1 Kh8 18. Ng1 Rg8 19. Nf3 g6 20. Qh3 Kg7 21. Be1
Rae8 22. Bh4 h6 23. Bf6+ Bxf6 24. exf6+ Kxf6 25. Qxh6 Re7 26. Ne5 Qd8 27. Qg5+
Kg7 28. Qxg6+ Kf8 29. Qf6+ Ke8 30. Rae1 Bc8 31. Ng6 Rxg6 32. Qxg6+ Kf8 33. Qf6+
Ke8 34. Qh8+ 1-0

[Event "4NCL 3 South pool D"]
[Site "Reading, ENG"]
[Date "2017.03.19"]
[Round "8.76"]
[White "Ratnesan, Ranesh"]
[Black "Neale, George"]
[Result "1/2-1/2"]
[WhiteElo "1821"]
[BlackElo "1672"]
[Annotator "Alan"]
[PlyCount "102"]
[EventDate "2017.03.19"]
[WhiteTeam "Surbiton"]
[BlackTeam "Sussex Martlets 2"]

1. d4 d5 2. Nf3 Nf6 3. g3 e6 4. c4 Be7 5. Bg2 c6 6. Nc3 Nbd7 7. O-O O-O 8. Nd2
Bb4 9. Qb3 Qa5 10. a3 Bxc3 11. bxc3 e5 12. cxd5 Nxd5 13. Bb2 exd4 14. Nc4 Qb5
15. Qxb5 cxb5 16. Bxd5 bxc4 17. Bxc4 Nb6 18. Bb3 Bh3 19. Rfd1 dxc3 20. Bxc3
Rfe8 21. e3 Rac8 22. Rac1 Bg4 23. Re1 Red8 24. Bd4 Rxc1 25. Rxc1 Rc8 26. Rxc8+
Nxc8 27. Bd5 b6 28. Be5 Kf8 29. Be4 h6 30. f3 Bd7 31. Kf2 f6 32. Bc3 a5 33. Bd4
Ke8 34. Bd5 Kd8 35. e4 Ke7 36. Ke3 Kd6 37. Bb7 b5 38. f4 Kc7 39. Bd5 Kd6 40.
Ba8 b4 41. axb4 axb4 42. e5+ Ke6 43. g4 fxe5 44. fxe5 Ne7 45. Be4 Bc6 46. Bc2
Bd5 47. h4 Bc4 48. h5 b3 49. Bb1 Nd5+ 50. Kf3 Nb4 51. Kf4 Be2 {scoresheets do
not seem to agree} 1/2-1/2

[Event "4NCL 3 South pool D"]
[Site "Reading, ENG"]
[Date "2017.03.19"]
[Round "8.81"]
[White "Somerfield, Adrian P"]
[Black "Jones, Christopher M"]
[Result "0-1"]
[WhiteElo "2109"]
[BlackElo "2110"]
[PlyCount "72"]
[EventDate "2017.03.19"]
[WhiteTeam "Cambridge University 2"]
[BlackTeam "The Rookies"]

1. d4 d5 2. Nf3 Nf6 3. e3 e6 4. Bd3 c5 5. c3 Nc6 6. Nbd2 Bd6 7. O-O O-O 8. dxc5
Bxc5 9. e4 e5 10. exd5 Qxd5 11. Qe2 Bg4 12. Ne4 Nxe4 13. Bxe4 Qd7 14. Qc4 Bxf3
15. Bxf3 Bb6 16. a4 Na5 17. Qa2 Rac8 18. b4 Nc4 19. a5 Bd8 20. Rd1 Qc7 21. Qa4
Nd6 22. Be3 Be7 23. Bxa7 e4 24. Bg4 f5 25. Be2 Qxc3 26. b5 Qc2 27. Qa2+ Kh8 28.
Bd4 f4 29. Rd2 Qc7 30. Bg4 Nxb5 31. Bxc8 Qxc8 32. Bb6 f3 33. Kf1 Qg4 34. g3
Qh3+ 35. Ke1 Qxh2 36. Rd7 Bb4+ 0-1

[Event "4NCL 3 South pool D"]
[Site "Reading, ENG"]
[Date "2017.03.19"]
[Round "8.82"]
[White "Byron, Alan M"]
[Black "Blackie, Neville J"]
[Result "1-0"]
[WhiteElo "2058"]
[BlackElo "2103"]
[PlyCount "59"]
[EventDate "2017.03.19"]
[WhiteTeam "The Rookies"]
[BlackTeam "Cambridge University 2"]

1. e4 c5 2. Nf3 d6 3. c4 Nf6 4. Nc3 Bg4 5. Be2 Nc6 6. O-O e6 7. d3 Be7 8. h3
Bh5 9. a3 h6 10. Rb1 O-O 11. b4 Qc8 12. Be3 Rd8 13. g4 Bg6 14. b5 Na5 15. Bd2
b6 16. Ne1 d5 17. cxd5 exd5 18. e5 Nh7 19. f4 f5 20. Bf3 Qe6 21. Ne2 c4 22. Bb4
cxd3 23. Nd4 Qd7 24. gxf5 Bxf5 25. Nxf5 Bxb4 26. axb4 Qxf5 27. Bg4 Qg6 28. bxa5
h5 29. Qxd3 Qxd3 30. Be6+ 1-0

[Event "4NCL 3 South pool D"]
[Site "Reading, ENG"]
[Date "2017.03.19"]
[Round "8.83"]
[White "Starley, Robert"]
[Black "Compton, Alistair"]
[Result "1-0"]
[WhiteElo "2088"]
[BlackElo "2076"]
[PlyCount "71"]
[EventDate "2017.03.19"]
[WhiteTeam "Cambridge University 2"]
[BlackTeam "The Rookies"]

1. e4 e6 2. d4 d5 3. Nd2 Nf6 4. e5 Nfd7 5. Bd3 c5 6. c3 Nc6 7. Ne2 cxd4 8. cxd4
f6 9. exf6 Nxf6 10. O-O Bd6 11. Nf3 O-O 12. Bg5 Qc7 13. Nc3 a6 14. Rc1 Bd7 15.
h3 Be8 16. Qe2 Bf7 17. Qe3 Nh5 18. Rfe1 Bf4 19. Bxf4 Qxf4 20. Ng5 Nxd4 21.
Bxh7+ Kh8 22. Rcd1 Nc6 23. Qxf4 Nxf4 24. Ne2 Nxe2+ 25. Rxe2 e5 26. Bc2 Nd4 27.
Red2 Rac8 28. Bb1 Be8 29. Kh2 Bd7 30. Re1 Rce8 31. Bg6 Rc8 32. Nf7+ Kg8 33.
Nxe5 Bf5 34. Rxd4 Bxg6 35. Nxg6 Rxf2 36. Ne7+ 1-0

[Event "4NCL 3 South pool D"]
[Site "Reading, ENG"]
[Date "2017.03.19"]
[Round "8.84"]
[White "Piper, Stephen J"]
[Black "Chan, Nevil"]
[Result "1/2-1/2"]
[WhiteElo "2074"]
[BlackElo "2007"]
[Annotator "Alan"]
[PlyCount "77"]
[EventDate "2017.03.19"]
[WhiteTeam "The Rookies"]
[BlackTeam "Cambridge University 2"]

1. c4 b6 2. Nc3 Bb7 3. e4 e6 4. Qe2 Bb4 5. Nf3 Bxc3 6. bxc3 d6 7. g3 Nd7 8. Bg2
Ngf6 9. d3 O-O 10. O-O Nc5 11. Nd4 Re8 12. f4 Nfd7 13. Be3 Nf8 14. Rad1 f6 15.
f5 e5 16. Nf3 Qe7 17. g4 h6 18. h4 Red8 19. Nh2 Nh7 20. Rf2 Kf8 21. Rdf1 Ke8
22. g5 Rdb8 23. g6 Nf8 24. Qc2 Rc8 25. Nf3 Ncd7 26. Nd2 c5 27. Re1 Nb8 28. Nb3
Nc6 29. Qb2 Qc7 30. Bf3 Nd7 31. Qc1 Ke7 32. Qc2 Re8 33. Qc1 Rh8 34. Rb2 Rab8
35. a4 a5 36. Nd2 Ba6 37. Nf1 Rb7 38. Bf2 Ra7 39. Ne3 {scoresheet} 1/2-1/2

[Event "4NCL 3 South pool D"]
[Site "Reading, ENG"]
[Date "2017.03.19"]
[Round "8.85"]
[White "Gooding, Ian"]
[Black "Jaszkiwskyj, Peter"]
[Result "1/2-1/2"]
[WhiteElo "2021"]
[BlackElo "1976"]
[PlyCount "31"]
[EventDate "2017.03.19"]
[WhiteTeam "Cambridge University 2"]
[BlackTeam "The Rookies"]

1. e4 e6 2. d4 d5 3. Nc3 Bb4 4. e5 Ne7 5. Bd2 b6 6. Bd3 Bxc3 7. Bxc3 Ba6 8. f4
Bxd3 9. Qxd3 c5 10. Nf3 Nbc6 11. O-O-O h5 12. Be1 cxd4 13. Bh4 Qc7 14. Bxe7
Qxe7 15. Nxd4 Nxd4 16. Qxd4 1/2-1/2

[Event "4NCL 3 South pool D"]
[Site "Reading, ENG"]
[Date "2017.03.19"]
[Round "8.86"]
[White "Gibson, Christopher A"]
[Black "Phillips, William"]
[Result "1/2-1/2"]
[WhiteElo "1960"]
[BlackElo "1851"]
[PlyCount "113"]
[EventDate "2017.03.19"]
[WhiteTeam "The Rookies"]
[BlackTeam "Cambridge University 2"]

1. e4 e5 2. Nf3 Nc6 3. Bc4 Bc5 4. b4 Bxb4 5. c3 Ba5 6. d4 Nf6 7. Nxe5 O-O 8.
Nxf7 Rxf7 9. Bxf7+ Kxf7 10. e5 Qe7 11. O-O Ne8 12. Ba3 d6 13. f4 Bb6 14. Kh1
Bf5 15. Qh5+ g6 16. Qxh7+ Ng7 17. Nd2 Rg8 18. Rae1 Qd8 19. Qh6 Rh8 20. Qg5 d5
21. g4 Bc8 22. Nf3 Ne6 23. Qxd8 Nexd8 24. Ng5+ Ke8 25. f5 gxf5 26. gxf5 Rh5 27.
Bc1 Ba5 28. e6 Bxc3 29. e7 Bxe1 30. Rxe1 Bxf5 31. exd8=Q+ Kxd8 32. Nf7+ Kd7 33.
Bb2 Be4+ 34. Kg1 Rf5 35. Rf1 Rxf1+ 36. Kxf1 Bg6 37. Ng5 b5 38. Nh3 b4 39. Kf2
a5 40. Ke3 a4 41. Nf4 Be4 42. h4 Na5 43. Bc1 Nc4+ 44. Ke2 b3 45. axb3 axb3 46.
h5 b2 47. Bxb2 Nxb2 48. h6 c6 49. Nh3 Nc4 50. Ng5 Bb1 51. Kf3 Ke7 52. h7 Bxh7
53. Nxh7 Kd6 54. Ng5 c5 55. dxc5+ Kxc5 56. Ne6+ Kb4 57. Ke2 1/2-1/2